000 00532nam a22001932 4500
001 0000000971
005 20151217155806.0
008 070222s xx 000 0 eng d
040 _aKABU
_cKABU
050 0 _aDT351
_b.S7H57
100 1 _aHird, Frank.
_@0000149426
245 1 0 _aH. M. Stanley :
_bthe authorized life.
260 _aLondon :
_bS. Paul,
_c1935.
300 _a320 p.
600 1 0 _aStanley, Henry Morton.
_@0000148657
908 _a070222
950 _@1
999 _c12474
_d12474